<?xml version="1.0" encoding="UTF-8"?>
<record
    xmlns:xsi="http://www.w3.org/2001/XMLSchema-instance"
    xsi:schemaLocation="http://www.loc.gov/MARC21/slim http://www.loc.gov/standards/marcxml/schema/MARC21slim.xsd"
    xmlns="http://www.loc.gov/MARC21/slim">

  <leader>00687cam a22002531a 4500</leader>
  <datafield tag="999" ind1=" " ind2=" ">
    <subfield code="c">23683</subfield>
    <subfield code="d">23683</subfield>
  </datafield>
  <controlfield tag="001">YPZ93581</controlfield>
  <controlfield tag="003">YPZ</controlfield>
  <controlfield tag="005">20200415141751.0</controlfield>
  <controlfield tag="008">101103|###########||||||b||||||||||spa|d</controlfield>
  <datafield tag="020" ind1=" " ind2=" ">
    <subfield code="a">9789875743311</subfield>
  </datafield>
  <datafield tag="040" ind1=" " ind2=" ">
    <subfield code="c">SIUNPA</subfield>
  </datafield>
  <datafield tag="041" ind1=" " ind2=" ">
    <subfield code="a">spa</subfield>
  </datafield>
  <datafield tag="044" ind1=" " ind2=" ">
    <subfield code="a">ag</subfield>
  </datafield>
  <datafield tag="080" ind1=" " ind2=" ">
    <subfield code="a">94(828) B677c</subfield>
  </datafield>
  <datafield tag="100" ind1=" " ind2=" ">
    <subfield code="a">Bohoslavsky, Ernesto.</subfield>
  </datafield>
  <datafield tag="245" ind1=" " ind2=" ">
    <subfield code="a">El complot patag&#xF3;nico</subfield>
    <subfield code="b"> : naci&#xF3;n, conspiracionismo y violencia en el sur de Argentina y Chile (siglos XIX y XX)</subfield>
  </datafield>
  <datafield tag="260" ind1=" " ind2=" ">
    <subfield code="a">Buenos Aires</subfield>
    <subfield code="b"> : Prometeo</subfield>
    <subfield code="c"> , 2009</subfield>
  </datafield>
  <datafield tag="300" ind1=" " ind2=" ">
    <subfield code="a">273 p.</subfield>
  </datafield>
  <datafield tag="650" ind1=" " ind2=" ">
    <subfield code="a"> HISTORIA ARGENTINA</subfield>
  </datafield>
  <datafield tag="650" ind1=" " ind2=" ">
    <subfield code="a"> REGION PATAGONICA</subfield>
  </datafield>
  <datafield tag="650" ind1=" " ind2=" ">
    <subfield code="a"> SIGLO XIX </subfield>
  </datafield>
  <datafield tag="650" ind1=" " ind2=" ">
    <subfield code="a"> SIGLO XX</subfield>
  </datafield>
  <datafield tag="942" ind1=" " ind2=" ">
    <subfield code="c">BK</subfield>
    <subfield code="2">udc</subfield>
  </datafield>
  <datafield tag="952" ind1=" " ind2=" ">
    <subfield code="0">0</subfield>
    <subfield code="1">0</subfield>
    <subfield code="2">udc</subfield>
    <subfield code="4">0</subfield>
    <subfield code="7">0</subfield>
    <subfield code="8">CG</subfield>
    <subfield code="a">BIB_RECT</subfield>
    <subfield code="b">BIB_UARG</subfield>
    <subfield code="d">2010-11-03</subfield>
    <subfield code="e">SIUNPA</subfield>
    <subfield code="g">53.00</subfield>
    <subfield code="i">05-40223</subfield>
    <subfield code="l">8</subfield>
    <subfield code="m">14</subfield>
    <subfield code="o">94(828) B677c</subfield>
    <subfield code="p">05-40223</subfield>
    <subfield code="r">2023-04-12</subfield>
    <subfield code="s">2023-03-30</subfield>
    <subfield code="t">ej.1</subfield>
    <subfield code="v">53.00</subfield>
    <subfield code="w">2019-04-03</subfield>
    <subfield code="y">BK</subfield>
  </datafield>
  <datafield tag="952" ind1=" " ind2=" ">
    <subfield code="0">0</subfield>
    <subfield code="1">0</subfield>
    <subfield code="2">udc</subfield>
    <subfield code="4">0</subfield>
    <subfield code="7">0</subfield>
    <subfield code="8">CG</subfield>
    <subfield code="a">BIB_RECT</subfield>
    <subfield code="b">BIB_UARG</subfield>
    <subfield code="d">2011-11-11</subfield>
    <subfield code="e">Compra SIUNPA</subfield>
    <subfield code="g">62.00</subfield>
    <subfield code="i">05-41816</subfield>
    <subfield code="o">94(828) B677c</subfield>
    <subfield code="p">05-41816</subfield>
    <subfield code="r">2019-04-03</subfield>
    <subfield code="t">ej.2</subfield>
    <subfield code="v">62.00</subfield>
    <subfield code="w">2019-04-03</subfield>
    <subfield code="y">BK</subfield>
  </datafield>
</record>
